[Event "UKR-ch sf"]
[Site "Alushta"]
[Date "2011.05.09"]
[Round "7"]
[White "Mamonova, Yulia"]
[Black "Muhtarov, Leonid"]
[Result "1/2-1/2"]
[WhiteElo "2022"]
[BlackElo "2131"]
[PlyCount "111"]
[EventDate "2011.05.03"]
[EventType "swiss"]
[EventRounds "9"]
[EventCountry "UKR"]
[SourceTitle "CBM 142 Extra"]
[Source "ChessBase"]
[SourceDate "2011.06.27"]
[SourceVersion "1"]
[SourceVersionDate "2011.06.27"]
[SourceQuality "1"]

1. e4 c5 2. Nf3 Nc6 3. Bb5 g6 4. 0-0 Bg7 5. Bxc6 dxc6 6. h3 Nf6 7. d3 0-0 8. Nbd2 Ne8 9. Nc4 Nd6 10. Nxd6 Qxd6 11. a3 e5 12. b4 Be6 13. Qd2 Rfd8 14. Qc3 cxb4 15. axb4 b6 16. Bb2 f6 17. Rfb1 Rdc8 18. Nd2 Qd7 19. Bc1 Bf8 20. Nf3 c5 21. b5 Rd8 22. Be3 Rac8 23. Ra6 Rc7 24. Qb2 Qf7 25. Qc1 h5 26. Rba1 Kh7 27. Bg5 Rdd7 28. Be3 Kg8 29. Nd2 c4 30. Qf1 cxd3 31. cxd3 Rc3 32. Nf3 Rcxd3 33. Rxa7 Bc4 34. Rxd7 Rxd7 35. Qc1 Bxb5 36. Ra8 Kh7 37. Qc8 Bg7 38. Bxb6 Be2 39. Be3 Qe6 40. Kh2 Qf7 41. Nd2 f5 42. Nf3 Bxf3 43. gxf3 f4 44. Bb6 Kh6 45. Qe8 Qxe8 46. Rxe8 g5 47. Rd8 Rxd8 48. Bxd8 Kg6 49. Kg2 Bf6 50. Bc7 Kf7 51. Kf1 Ke6 52. Ke2 Kd7 53. Ba5 Be7 54. Bc3 Ke6 55. Bb2 Bc5 56. Bc3 1/2-1/2

[Event "UKR-ch sf"]
[Site "Alushta"]
[Date "2011.05.08"]
[Round "6"]
[White "Mamonova, Yulia"]
[Black "Karnaukh, Anatolij"]
[Result "0-1"]
[WhiteElo "2022"]
[BlackElo "2199"]
[PlyCount "92"]
[EventDate "2011.05.03"]
[EventType "swiss"]
[EventRounds "9"]
[EventCountry "UKR"]
[SourceTitle "CBM 142 Extra"]
[Source "ChessBase"]
[SourceDate "2011.06.27"]
[SourceVersion "1"]
[SourceVersionDate "2011.06.27"]
[SourceQuality "1"]

1. e4 e5 2. Nf3 Nc6 3. Bb5 a6 4. Ba4 d6 5. 0-0 Bd7 6. c3 g6 7. d4 Bg7 8. dxe5 dxe5 9. Qe2 Nge7 10. Rd1 0-0 11. Nbd2 Nd4 12. Nxd4 Bxa4 13. N4b3 Qc8 14. Re1 b6 15. Nf1 Bc6 16. Nbd2 Qb7 17. b3 Rfe8 18. Ba3 a5 19. Qe3 Bd7 20. Nf3 h6 21. Ng3 Be6 22. h4 Nc6 23. Qe2 a4 24. Qc2 axb3 25. axb3 Na5 26. c4 b5 27. Nd2 Nc6 28. Bc5 h5 29. Ngf1 Nd4 30. Bxd4 exd4 31. Rxa8 Rxa8 32. c5 b4 33. f4 Qb5 34. e5 Ra3 35. Rc1 c6 36. Ng3 d3 37. Qd1 Bg4 38. Qe1 Ra2 39. Nge4 Bf8 40. Qe3 Rc2 41. Nf6+ Kh8 42. Ra1 Qxc5 43. Nc4 Rxc4 44. Qxc5 Rxc5 45. Ra8 Kg7 46. Ne8+ Kh6 0-1

[Event "UKR-chT 17th"]
[Site "Alushta"]
[Date "2010.05.13"]
[Round "1.4"]
[White "Prokhorov, Alexander"]
[Black "Mamonova, Yulia"]
[Result "0-1"]
[WhiteElo "2238"]
[BlackElo "2022"]
[PlyCount "164"]
[EventDate "2010.05.13"]
[EventType "team-tourn"]
[EventRounds "11"]
[EventCountry "UKR"]
[SourceTitle "EXT 2019"]
[Source "ChessBase"]
[SourceDate "2018.10.10"]
[SourceVersion "1"]
[SourceVersionDate "2018.10.10"]
[SourceQuality "1"]
[WhiteTeam "Luhansk LugPokerChess"]
[BlackTeam "Simferopol Tavriya"]
[WhiteTeamCountry "UKR"]
[BlackTeamCountry "UKR"]

1. e4 c5 2. Nc3 a6 3. Nf3 d6 4. d4 cxd4 5. Nxd4 Nf6 6. h3 Nc6 7. g4 g6 8. Bg2 Bg7 9. Be3 Ne5 10. g5 Nh5 11. b3 Qa5 12. Qd2 Bd7 13. Nd5 Qxd2+ 14. Kxd2 Rc8 15. c3 h6 16. Ne2 hxg5 17. Bxg5 f6 18. Be3 Be6 19. f4 Nc6 20. Bf3 Kf7 21. Rag1 Rcg8 22. Nb6 f5 23. Nd5 Nf6 24. Nxf6 Bxf6 25. exf5 Bxf5 26. Bd5+ e6 27. Bg2 d5 28. Ng3 Ne7 29. Rc1 Rh4 30. Ne2 Rgh8 31. Bf2 R4h7 32. h4 Bxh4 33. Bxh4 Rxh4 34. Rxh4 Rxh4 35. Rh1 Rxh1 36. Bxh1 Nc6 37. Bg2 Kf6 38. Ng3 Bb1 39. Kc1 Bf5 40. Kd2 Bg4 41. Bf1 g5 42. fxg5+ Kxg5 43. Ke3 Kf6 44. Bg2 Ke5 45. Nf1 Ne7 46. Nd2 Nf5+ 47. Kf2 Kf4 48. c4 Ne3 49. cxd5 exd5 50. Bh1 Nd1+ 51. Ke1 Nc3 52. b4 Ke3 53. a4 Ne4 54. Bxe4 dxe4 55. Nc4+ Kd4 56. Nd6 b6 57. a5 b5 58. Nb7 Kc3 59. Nc5 Kxb4 60. Nxe4 Kxa5 61. Kd2 Kb4 62. Kc1 Bf5 63. Ng3 Bg6 64. Kb2 Kc4 65. Nf1 Kd3 66. Nh2 a5 67. Ng4 Kd4 68. Nf2 Bh5 69. Nh3 b4 70. Nf4 Bg4 71. Ng6 a4 72. Ne7 Bf3 73. Nf5+ Kd3 74. Nd6 Bd5 75. Nb5 Kd2 76. Na3 Bb3 77. Nb5 Bc4 78. Na3 Bd3 79. Ka1 Kc1 80. Nc4 Be4 81. Na3 b3 82. Nc4 a3 0-1

[Event "Poltavskaya"]
[Site "Poltavskaya"]
[Date "2010.??.??"]
[Round "1"]
[White "Kalenik, Roman"]
[Black "Mamonova, Yulia"]
[Result "1/2-1/2"]
[WhiteElo "2210"]
[BlackElo "2020"]
[PlyCount "34"]
[EventDate "2010.??.??"]
[EventType "tourn"]
[EventRounds "11"]
[EventCountry "RUS"]
[EventCategory "1"]
[SourceTitle "EXT 2012"]
[Source "ChessBase"]
[SourceDate "2011.11.24"]
[SourceVersion "1"]
[SourceVersionDate "2011.11.24"]
[SourceQuality "1"]

1. d4 f5 2. g3 Nf6 3. Bg2 g6 4. Nf3 Bg7 5. c4 0-0 6. 0-0 d6 7. Nc3 Qe8 8. d5 Na6 9. Nd4 Bd7 10. Rb1 c6 11. dxc6 bxc6 12. b4 Rc8 13. Nf3 c5 14. b5 Nc7 15. a4 Ng4 16. Bb2 Ne5 17. Nxe5 Bxe5 1/2-1/2

[Event "Poltavskaya"]
[Site "Poltavskaya"]
[Date "2010.??.??"]
[Round "8"]
[White "Mamonova, Yulia"]
[Black "Ponomarev, Dmitry"]
[Result "0-1"]
[WhiteElo "2020"]
[BlackElo "2365"]
[PlyCount "48"]
[EventDate "2010.??.??"]
[EventType "tourn"]
[EventRounds "11"]
[EventCountry "RUS"]
[EventCategory "1"]
[SourceTitle "EXT 2012"]
[Source "ChessBase"]
[SourceDate "2011.11.24"]
[SourceVersion "1"]
[SourceVersionDate "2011.11.24"]
[SourceQuality "1"]

1. b4 e5 2. Bb2 Bxb4 3. Bxe5 Nf6 4. e3 d5 5. Bb2 0-0 6. Nf3 c5 7. Be2 Nc6 8. 0-0 Ba5 9. d3 Bc7 10. Nbd2 Bg4 11. h3 Bh5 12. a4 Re8 13. c4 d4 14. exd4 cxd4 15. Nb3 Qd6 16. g3 Qd7 17. Nfxd4 Bxe2 18. Nxe2 Qxh3 19. Bxf6 gxf6 20. d4 Rad8 21. Nf4 Bxf4 22. gxf4 Re4 23. f3 Qg3+ 24. Kh1 Rxf4 0-1

[Event "Anapa (Women)"]
[Site "Anapa"]
[Date "2009.09.07"]
[Round "11"]
[White "Mamonova, Yulia"]
[Black "Fomichenko, Svetlana"]
[Result "1-0"]
[WhiteElo "2032"]
[BlackElo "2245"]
[PlyCount "71"]
[EventDate "2009.08.30"]
[EventType "tourn"]
[EventRounds "13"]
[EventCountry "RUS"]
[SourceTitle "CBM 132 Extra"]
[Source "ChessBase"]
[SourceDate "2009.11.03"]
[SourceVersion "1"]
[SourceVersionDate "2009.11.03"]
[SourceQuality "1"]

1. e4 c5 2. Nf3 Nc6 3. Bb5 g6 4. 0-0 Bg7 5. c3 Nf6 6. Qe2 0-0 7. d4 cxd4 8. cxd4 d5 9. e5 Ne8 10. Be3 f6 11. exf6 exf6 12. Nc3 Nc7 13. Bxc6 bxc6 14. Qd2 Bg4 15. Ne1 Re8 16. Nd3 Ne6 17. Nf4 Ng5 18. f3 Bf5 19. Na4 Nf7 20. Nd3 Nd6 21. b3 Bxd3 22. Qxd3 f5 23. Rae1 Qf6 24. Bf2 f4 25. Rxe8+ Rxe8 26. Qa6 Nb5 27. Rd1 h6 28. Nc5 Qd6 29. b4 Re2 30. a4 Nc3 31. Rc1 Ra2 32. Re1 Rd2 33. Qxa7 Ne2+ 34. Kf1 Nxd4 35. Bxd4 Rxd4 36. Ne6 1-0

[Event "Anapa (Women)"]
[Site "Anapa"]
[Date "2009.09.03"]
[Round "6"]
[White "Mamonova, Yulia"]
[Black "Stepovaia, Tatiana"]
[Result "0-1"]
[WhiteElo "2032"]
[BlackElo "2370"]
[PlyCount "88"]
[EventDate "2009.08.30"]
[EventType "tourn"]
[EventRounds "13"]
[EventCountry "RUS"]
[SourceTitle "CBM 132 Extra"]
[Source "ChessBase"]
[SourceDate "2009.11.03"]
[SourceVersion "1"]
[SourceVersionDate "2009.11.03"]
[SourceQuality "1"]

1. e4 c5 2. Nf3 Nc6 3. Nc3 e6 4. d4 cxd4 5. Nxd4 Qc7 6. g3 a6 7. Bg2 d6 8. 0-0 Bd7 9. Re1 Be7 10. Be3 Nf6 11. f4 0-0 12. Kh1 Rad8 13. Qe2 b5 14. a3 Nxd4 15. Bxd4 Bc6 16. Rad1 Qb7 17. g4 Nd7 18. Bf2 Rfe8 19. Bg1 a5 20. g5 b4 21. axb4 axb4 22. Nb1 e5 23. Qg4 exf4 24. Qxf4 Ne5 25. Bd4 Ng6 26. Qg3 Nf8 27. h4 Ne6 28. Bg1 Qb5 29. Nd2 d5 30. e5 g6 31. Nf3 Bc5 32. Nd4 Bxd4 33. Bxd4 Qc4 34. b3 Qxc2 35. Rc1 Qa2 36. Bg1 Qa6 37. Ra1 Qb5 38. Kh2 d4 39. Bxc6 Qxc6 40. Rac1 Qd5 41. Rc4 Rc8 42. Rec1 Rxc4 43. bxc4 Qe4 44. c5 Rc8 0-1

[Event "Anapa (Women)"]
[Site "Anapa"]
[Date "2009.09.02"]
[Round "4"]
[White "Mamonova, Yulia"]
[Black "Baraeva, Marina"]
[Result "0-1"]
[WhiteElo "2032"]
[BlackElo "1983"]
[PlyCount "70"]
[EventDate "2009.08.30"]
[EventType "tourn"]
[EventRounds "13"]
[EventCountry "RUS"]
[SourceTitle "CBM 132 Extra"]
[Source "ChessBase"]
[SourceDate "2009.11.03"]
[SourceVersion "1"]
[SourceVersionDate "2009.11.03"]
[SourceQuality "1"]

1. e4 c5 2. Nf3 a6 3. g3 Nc6 4. Bg2 g6 5. 0-0 Bg7 6. d3 e6 7. Re1 Nge7 8. e5 d6 9. exd6 Qxd6 10. Nbd2 b6 11. Ne4 Qd7 12. Bg5 0-0 13. Nf6+ Bxf6 14. Bxf6 Nd5 15. Bg5 f6 16. Bh6 Re8 17. a3 e5 18. Rb1 Bb7 19. Bd2 Nd4 20. c3 Nxf3+ 21. Bxf3 Rad8 22. b4 cxb4 23. axb4 Ne7 24. Bxb7 Qxb7 25. Qb3+ Kg7 26. c4 Nf5 27. Be3 Nd4 28. Bxd4 Rxd4 29. Re3 Red8 30. Ra1 h5 31. Qa4 Rxd3 32. Rxd3 Rxd3 33. h4 Rd4 34. Qxa6 Rd1+ 35. Kh2 Qh1# 0-1

[Event "Anapa (Women)"]
[Site "Anapa"]
[Date "2009.08.30"]
[Round "1"]
[White "Khlichkova, Tatiana"]
[Black "Mamonova, Yulia"]
[Result "1-0"]
[WhiteElo "1984"]
[BlackElo "2032"]
[PlyCount "95"]
[EventDate "2009.08.30"]
[EventType "tourn"]
[EventRounds "13"]
[EventCountry "RUS"]
[SourceTitle "CBM 132 Extra"]
[Source "ChessBase"]
[SourceDate "2009.11.03"]
[SourceVersion "1"]
[SourceVersionDate "2009.11.03"]
[SourceQuality "1"]

1. d4 f5 2. Nc3 d5 3. h4 Nf6 4. Bf4 c6 5. Nf3 e6 6. a3 Nbd7 7. e3 Ne4 8. Nxe4 fxe4 9. Ne5 Nf6 10. g4 Nd7 11. g5 Nxe5 12. Bxe5 Qd7 13. Be2 Bd6 14. Bh5+ Kd8 15. f4 exf3 16. Qxf3 Rf8 17. Qg3 Bxe5 18. Qxe5 Qc7 19. Qxc7+ Kxc7 20. 0-0-0 Bd7 21. Rdf1 Kd6 22. Bg4 b6 23. h5 c5 24. Kd2 Bb5 25. Be2 Bxe2 26. Kxe2 e5 27. dxc5+ bxc5 28. e4 d4 29. b3 Ke6 30. h6 g6 31. a4 Rac8 32. a5 Rf4 33. Rxf4 exf4 34. Rb1 Ke5 35. Kf3 Rb8 36. a6 c4 37. Ra1 cxb3 38. Ra5+ Ke6 39. cxb3 Rxb3+ 40. Kxf4 Rb8 41. Re5+ Kd6 42. Rd5+ Kc6 43. Rxd4 Rf8+ 44. Ke5 Kc7 45. Ke6 Re8+ 46. Kf6 Kc6 47. e5 Kc7 48. e6 1-0

[Event "UKR-chT qual. group 2 16th"]
[Site "Alushta"]
[Date "2009.05.24"]
[Round "4"]
[White "Mamonova, Yulia"]
[Black "Zubarev, Alexander2222"]
[Result "0-1"]
[WhiteElo "2009"]
[BlackElo "2566"]
[PlyCount "60"]
[EventDate "2009.05.21"]
[EventType "team-tourn"]
[EventRounds "5"]
[EventCountry "UKR"]
[SourceTitle "EXT 2019"]
[Source "ChessBase"]
[SourceDate "2018.10.10"]
[SourceVersion "1"]
[SourceVersionDate "2018.10.10"]
[SourceQuality "1"]
[WhiteTeam "Simferopol Twinkle Chess"]
[BlackTeam "Kharkov PGMB"]
[WhiteTeamCountry "UKR"]
[BlackTeamCountry "UKR"]

1. e4 c5 2. Nf3 e6 3. d4 cxd4 4. Nxd4 a6 5. g3 Nf6 6. Bg2 d6 7. 0-0 Be7 8. Nc3 Qc7 9. h3 Nc6 10. Nde2 b5 11. a3 0-0 12. Be3 Bb7 13. g4 Rfe8 14. f4 b4 15. axb4 Nxb4 16. g5 Nd7 17. Rc1 Nc5 18. Ng3 Rad8 19. Nh5 d5 20. Qd4 e5 21. fxe5 Ne6 22. Qa7 d4 23. Nd5 Bc5 24. Nxc7 Bxa7 25. Nxe8 dxe3 26. Nd6 e2+ 27. Kh1 exf1R+ 28. Bxf1 Ba8 29. Ra1 Nxc2 30. Rxa6 Bd4 0-1

[Event "UKR-chT qual. group 2 16th"]
[Site "Alushta"]
[Date "2009.05.23"]
[Round "3"]
[White "Mamonova, Yulia"]
[Black "Penza, Denis"]
[Result "1-0"]
[WhiteElo "2009"]
[BlackElo "1981"]
[PlyCount "99"]
[EventDate "2009.05.21"]
[EventType "team-tourn"]
[EventRounds "5"]
[EventCountry "UKR"]
[SourceTitle "EXT 2019"]
[Source "ChessBase"]
[SourceDate "2018.10.10"]
[SourceVersion "1"]
[SourceVersionDate "2018.10.10"]
[SourceQuality "1"]
[WhiteTeam "Simferopol Twinkle Chess"]
[BlackTeam "Pavlograd Tura"]
[WhiteTeamCountry "UKR"]
[BlackTeamCountry "UKR"]

1. e4 e6 2. d4 d5 3. Nd2 Nf6 4. e5 Nfd7 5. Bd3 c5 6. c3 Nc6 7. Ne2 Qb6 8. Nf3 cxd4 9. cxd4 f6 10. exf6 Nxf6 11. 0-0 Bd6 12. Nc3 0-0 13. Nb5 Bb8 14. Bg5 a6 15. Nc3 Qd8 16. Bh4 Qe8 17. Bg3 Bxg3 18. fxg3 b5 19. Rc1 Bd7 20. Ne5 Nxd4 21. Bxh7+ Nxh7 22. Qxd4 Qe7 23. Rxf8+ Nxf8 24. Rf1 Be8 25. Nxd5 Qa7 26. Qxa7 Rxa7 27. Ne3 Rc7 28. Rd1 Nd7 29. Nxd7 Bxd7 30. Rd2 b4 31. g4 Bb5 32. g5 Kf7 33. h4 Kg6 34. g4 Rc1+ 35. Kf2 Rh1 36. Kg3 Re1 37. Ng2 Rg1 38. Kh2 Rf1 39. Ne3 Rf3 40. Nc2 b3 41. axb3 Rxb3 42. Nd4 Re3 43. Rf2 Ba4 44. Re2 Rxe2+ 45. Nxe2 Bd1 46. Nf4+ Kf7 47. Nd3 Be2 48. Ne5+ Ke7 49. h5 Kd6 50. h6 1-0

[Event "UKR-ch"]
[Site "Alushta"]
[Date "2009.05.19"]
[Round "9"]
[White "Melnichuk, Mikhail"]
[Black "Mamonova, Yulia"]
[Result "1-0"]
[WhiteElo "2276"]
[BlackElo "2009"]
[PlyCount "49"]
[EventDate "2009.05.11"]
[EventType "swiss"]
[EventRounds "9"]
[EventCountry "UKR"]
[SourceTitle "CBM 130 Extra"]
[Source "ChessBase"]
[SourceDate "2009.07.02"]
[SourceVersion "2"]
[SourceVersionDate "2009.07.15"]
[SourceQuality "1"]

1. d4 g6 2. c4 Bg7 3. Nc3 c5 4. d5 Bxc3+ 5. bxc3 f5 6. Qc2 Nf6 7. Bh6 Rg8 8. Nf3 d6 9. e3 Qa5 10. Rc1 Nbd7 11. Bd3 Nb6 12. Bg5 Bd7 13. 0-0 Qa6 14. Nd2 Ba4 15. Qb1 0-0-0 16. f3 Rde8 17. Rfe1 Nfd7 18. e4 Kc7 19. exf5 gxf5 20. f4 Ne5 21. Bxf5 Nexc4 22. Nxc4 Qxc4 23. Re4 Qxd5 24. Rxa4 Nxa4 25. Be4 1-0

[Event "UKR-ch"]
[Site "Alushta"]
[Date "2009.05.16"]
[Round "6"]
[White "Mamonova, Yulia"]
[Black "Arkhipov, Vladimir"]
[Result "1-0"]
[WhiteElo "2009"]
[BlackElo "2183"]
[PlyCount "91"]
[EventDate "2009.05.11"]
[EventType "swiss"]
[EventRounds "9"]
[EventCountry "UKR"]
[SourceTitle "CBM 130 Extra"]
[Source "ChessBase"]
[SourceDate "2009.07.02"]
[SourceVersion "2"]
[SourceVersionDate "2009.07.15"]
[SourceQuality "1"]

1. e4 e6 2. d4 d5 3. Nd2 Nf6 4. e5 Ng8 5. Bd3 Qd7 6. Ne2 b6 7. c3 Bb7 8. 0-0 Nc6 9. Nf4 Nge7 10. Qh5 g6 11. Qe2 Bg7 12. Re1 0-0 13. Nf1 Nd8 14. Ne3 Kh8 15. b4 c5 16. bxc5 bxc5 17. Ng4 cxd4 18. cxd4 Ndc6 19. Ba3 Nxd4 20. Qb2 Ndf5 21. Nf6 Qc7 22. Rac1 Bc6 23. Bxf5 Nxf5 24. Bxf8 Rxf8 25. Nd3 a5 26. Rc5 Ne7 27. Qc3 Ra8 28. Rc1 Ra6 29. Ne8 Qd8 30. Nxg7 Kxg7 31. Qd2 d4 32. Qg5 Qd7 33. Nf4 Ng8 34. Qg3 h6 35. Qd3 Rb6 36. Rd1 a4 37. h3 Rb4 38. a3 Bb5 39. Qc2 Rb3 40. Rc7 d3 41. Qc5 Qe8 42. Rc8 Qxc8 43. Qxc8 Rxa3 44. Qc7 g5 45. Nxe6+ Kg6 46. Nd4 1-0

[Event "Bykova Memorial op (Women)"]
[Site "Vladimir"]
[Date "2007.12.22"]
[Round "9"]
[White "Mamonova, Yulia"]
[Black "Molkova, Oksana"]
[Result "0-1"]
[WhiteElo "2088"]
[BlackElo "2117"]
[PlyCount "138"]
[EventDate "2007.12.14"]
[EventType "swiss"]
[EventRounds "10"]
[EventCountry "RUS"]
[SourceTitle "CBM 122 Extra"]
[Source "ChessBase"]
[SourceDate "2008.03.04"]
[SourceVersion "1"]
[SourceVersionDate "2008.03.04"]
[SourceQuality "1"]

1. e4 e6 2. d4 d5 3. Nd2 Nf6 4. e5 Nfd7 5. Bd3 c5 6. c3 Nc6 7. Ne2 cxd4 8. cxd4 f6 9. exf6 Nxf6 10. 0-0 Bd6 11. Nf3 Qc7 12. Bg5 0-0 13. Bh4 Nh5 14. Qc2 h6 15. Bh7+ Kh8 16. Bg6 Rxf3 17. Bxh5 Rf8 18. Bg3 e5 19. dxe5 Bxe5 20. Qd2 Qd6 21. Rae1 Qf6 22. Bxe5 Nxe5 23. Ng3 d4 24. Qe2 Nc6 25. Qf3 Be6 26. Qxf6 Rxf6 27. Ne4 Rff8 28. b3 Bd5 29. Nd6 Nb4 30. a3 Nd3 31. Re7 Nf4 32. Bf3 Bxf3 33. gxf3 b6 34. Rd1 d3 35. Kf1 Kh7 36. Ne4 Kg6 37. Rc1 Rac8 38. Rcc7 Rxc7 39. Rxc7 Rf7 40. Rc1 Rd7 41. Rc6+ Kf5 42. Ke1 Ne6 43. Rc8 Nd4 44. Nd2 Nc2+ 45. Kd1 Nxa3 46. Ne4 Nb5 47. Nd2 Nd4 48. Rf8+ Ke6 49. Rc8 Nb5 50. Nc4 Nd4 51. Nd2 b5 52. Rc5 a6 53. Rc3 Nf5 54. Ne4 Ke5 55. Nc5 Rd6 56. Nxd3+ Kf6 57. Ke1 Nd4 58. Nc5 Kf5 59. Kf1 Rc6 60. b4 Ne6 61. Ra3 Nxc5 62. bxc5 Ke5 63. h4 Kd4 64. h5 Kxc5 65. Re3 Rc7 66. Ke2 Rd7 67. f4 Kc4 68. Re8 a5 69. f5 Rf7 0-1

[Event "Bykova Memorial op (Women)"]
[Site "Vladimir"]
[Date "2007.12.19"]
[Round "6"]
[White "Shaydullina, Sandugach"]
[Black "Mamonova, Yulia"]
[Result "1/2-1/2"]
[WhiteElo "2296"]
[BlackElo "2088"]
[PlyCount "148"]
[EventDate "2007.12.14"]
[EventType "swiss"]
[EventRounds "10"]
[EventCountry "RUS"]
[SourceTitle "CBM 122 Extra"]
[Source "ChessBase"]
[SourceDate "2008.03.04"]
[SourceVersion "1"]
[SourceVersionDate "2008.03.04"]
[SourceQuality "1"]

1. d4 f5 2. Nf3 Nf6 3. c4 g6 4. g3 Bg7 5. Bg2 0-0 6. b3 Ne4 7. Bb2 c6 8. Nbd2 Bh6 9. e3 a5 10. d5 cxd5 11. cxd5 Nf6 12. Nd4 Na6 13. Nc4 Nc5 14. 0-0 d6 15. Rc1 Bd7 16. a4 Ra6 17. Re1 Qe8 18. Bc3 b6 19. Re2 Nce4 20. Bb2 Qf7 21. f3 Nc5 22. Nc6 Rc8 23. b4 axb4 24. Nxb4 Bxa4 25. Qe1 Ra7 26. Nxb6 Rb8 27. Nxa4 Rxa4 28. Bxf6 Qxf6 29. Rb1 Bg7 30. Bf1 Rba8 31. Rc2 Ra1 32. Rcc1 Rxb1 33. Rxb1 Ra1 34. Rxa1 Qxa1 35. Qxa1 Bxa1 36. Nc6 Kf7 37. Bc4 Kf6 38. Kf2 Bb2 39. Ke2 Bc1 40. Nb4 Ba3 41. Nc2 Bb2 42. Nb4 Ba3 43. Nc6 Bc1 44. Nd4 Bb2 45. Nb5 Bc1 46. Ba2 Kf7 47. Nc7 Kf6 48. Nb5 Kf7 49. h3 Kf6 50. Bc4 h6 51. Nc3 Kf7 52. Nd1 Kf6 53. Nf2 h5 54. g4 hxg4 55. hxg4 Bb2 56. f4 Bc1 57. g5+ Kf7 58. Nd3 Nxd3 59. Kxd3 Kg7 60. Bb5 Kf8 61. Bd7 Kf7 62. Ke2 Kg7 63. Kf3 Bd2 64. e4 fxe4+ 65. Kxe4 Bc1 66. Be8 Bd2 67. Kf3 Bc1 68. Kg4 Bd2 69. f5 gxf5+ 70. Kxf5 Kf8 71. Bh5 Bc3 72. Ke6 Bd2 73. g6 Bc3 74. Bd1 Bf6 1/2-1/2

[Event "Bykova Memorial op (Women)"]
[Site "Vladimir"]
[Date "2007.12.15"]
[Round "2"]
[White "Savina, Anastasia"]
[Black "Mamonova, Yulia"]
[Result "0-1"]
[WhiteElo "2202"]
[BlackElo "2088"]
[PlyCount "138"]
[EventDate "2007.12.14"]
[EventType "swiss"]
[EventRounds "10"]
[EventCountry "RUS"]
[SourceTitle "CBM 122 Extra"]
[Source "ChessBase"]
[SourceDate "2008.03.04"]
[SourceVersion "1"]
[SourceVersionDate "2008.03.04"]
[SourceQuality "1"]

1. d4 f5 2. c4 Nf6 3. Nf3 g6 4. g3 Bg7 5. Bg2 0-0 6. 0-0 d6 7. Nc3 Nc6 8. d5 Na5 9. Qd3 c5 10. Rb1 Ne4 11. Ng5 Nxc3 12. bxc3 Rb8 13. e4 Qe8 14. Re1 Qa4 15. exf5 Bxf5 16. Be4 Nxc4 17. Bxf5 Rxf5 18. f4 Nb6 19. Qe3 Qd7 20. Rxb6 axb6 21. Qd3 Ra8 22. Ne6 Rxa2 23. Nxg7 Kxg7 24. c4 Kf8 25. Qc3 Ke8 26. Qh8+ Rf8 27. Qg7 Rc2 28. Bb2 e5 29. Bxe5 Qxg7 30. Bxg7+ Kf7 31. Bxf8 Kxf8 32. Re4 Kf7 33. Kf1 b5 34. cxb5 Rb2 35. Re6 Rxb5 36. Rxd6 Ke7 37. Re6+ Kd7 38. Ke2 c4 39. Re4 Rb4 40. Kd1 Kd6 41. Kc2 Kxd5 42. Re7 h5 43. Rg7 Rb6 44. Kc3 Rb3+ 45. Kc2 Rb6 46. Kc3 Rb3+ 47. Kc2 Kd4 48. Rxg6 Rf3 49. Rb6 Rf2+ 50. Kd1 Kd3 51. Ke1 Rxh2 52. Rxb7 Rg2 53. Rd7+ Kc2 54. f5 Rxg3 55. f6 Rf3 56. f7 c3 57. Ke2 Rf6 58. Ke3 h4 59. Kd4 h3 60. Rc7 Rf4+ 61. Ke3 h2 62. Kxf4 h1Q 63. Kg5 Qh8 64. Kg6 Qf8 65. Rc6 Kd2 66. Re6 c2 67. Re8 Qd6+ 68. Kg7 Qg3+ 69. Kf6 Qf4+ 0-1

[Event "UKR-ch sf (Women)"]
[Site "Evpatoria"]
[Date "2006.04.05"]
[Round "8"]
[White "Agudova, Olga"]
[Black "Mamonova, Yulia"]
[Result "0-1"]
[WhiteElo "2048"]
[BlackElo "2099"]
[PlyCount "88"]
[EventDate "2006.03.29"]
[EventType "swiss"]
[EventRounds "9"]
[EventCountry "UKR"]
[SourceTitle "EXT 2023"]
[Source "ChessBase"]
[SourceDate "2022.10.05"]
[SourceVersion "1"]
[SourceVersionDate "2022.10.05"]
[SourceQuality "1"]

1. e4 c5 2. c3 b6 3. d4 Bb7 4. Bd3 cxd4 5. cxd4 Nc6 6. Qa4 e6 7. Nc3 Nb4 8. Be2 Nf6 9. a3 Nc6 10. e5 Ng8 11. Nf3 d5 12. Bg5 Qd7 13. Rc1 a6 14. b4 h6 15. Be3 Nge7 16. Bd3 Nc8 17. 0-0 Be7 18. Nd2 b5 19. Qd1 Nb6 20. Nb3 Nc4 21. Bxc4 dxc4 22. Na1 0-0-0 23. Nc2 Bf8 24. Rb1 Ne7 25. f3 Nd5 26. Qd2 Be7 27. Rfd1 f5 28. a4 g5 29. axb5 axb5 30. Nxd5 Qxd5 31. Ra1 f4 32. Bf2 g4 33. Qxf4 Rdf8 34. Qxg4 Rhg8 35. Qe4 Qxe4 36. fxe4 Bxe4 37. Ne3 Bd8 38. Ra6 Kd7 39. Rd6+ Kc8 40. Rxe6 Bg5 41. Ra6 Bxe3 42. Rf6 Rxg2+ 43. Kf1 Rxf2+ 44. Rxf2 Rxf2+ 0-1

[Event "UKR-ch sf (Women)"]
[Site "Evpatoria"]
[Date "2006.04.03"]
[Round "6"]
[White "Ostroverkhova, Elena"]
[Black "Mamonova, Yulia"]
[Result "1/2-1/2"]
[WhiteElo "2059"]
[BlackElo "2099"]
[PlyCount "90"]
[EventDate "2006.03.29"]
[EventType "swiss"]
[EventRounds "9"]
[EventCountry "UKR"]
[SourceTitle "EXT 2023"]
[Source "ChessBase"]
[SourceDate "2022.10.05"]
[SourceVersion "1"]
[SourceVersionDate "2022.10.05"]
[SourceQuality "1"]

1. d4 e6 2. Nf3 b6 3. c4 Bb7 4. Nc3 f5 5. e3 Nf6 6. Bd3 Bb4 7. Qc2 Ne4 8. Bd2 Bxc3 9. Bxc3 0-0 10. 0-0 Nxc3 11. Qxc3 Bxf3 12. gxf3 Qh4 13. Kg2 Rf6 14. Rh1 Qh5 15. Be2 Rg6+ 16. Kf1 Qh3+ 17. Ke1 Qg2 18. Rf1 Qxh2 19. f4 Qg2 20. f3 c5 21. dxc5 bxc5 22. Qe5 Nc6 23. Qxc5 Rb8 24. Rb1 Rh6 25. b3 Rh1 26. Kd2 Rh2 27. Rbe1 Qg6 28. Kc2 Qf6 29. a3 a5 30. Rh1 Rg2 31. Qd6 Qd8 32. Rhg1 Qb6 33. Qd3 Rxg1 34. Rxg1 g6 35. Rd1 Rb7 36. e4 Qc5 37. Kb2 a4 38. Qd6 Rxb3+ 39. Kc2 Qe3 40. Qd2 Qb6 41. Qxd7 Rb2+ 42. Kc1 Rb1+ 43. Kd2 Rb2+ 44. Kc1 Rb1+ 45. Kd2 Rb2+ 1/2-1/2

[Event "Bykova Memorial-C (Women)"]
[Site "Vladimir"]
[Date "2005.12.15"]
[Round "8"]
[White "Mamonova, Yulia"]
[Black "Savina, Anastasia"]
[Result "1-0"]
[WhiteElo "2157"]
[BlackElo "2045"]
[PlyCount "131"]
[EventDate "2005.12.07"]
[EventType "tourn"]
[EventRounds "11"]
[EventCountry "RUS"]
[SourceTitle "CBM 109 Extra"]
[Source "ChessBase"]
[SourceDate "2006.01.03"]
[SourceVersion "2"]
[SourceVersionDate "2006.01.03"]
[SourceQuality "1"]

1. e4 c5 2. Nc3 Nc6 3. f4 g6 4. Nf3 Bg7 5. Bb5 Nd4 6. 0-0 Nxb5 7. Nxb5 d6 8. d3 a6 9. Nc3 b5 10. Qe1 Bb7 11. Qf2 b4 12. Nd1 Nf6 13. Ne3 0-0 14. Ng5 h6 15. Nf3 a5 16. f5 Ba6 17. Qg3 Qe8 18. Re1 a4 19. a3 b3 20. c4 Bc8 21. Nh4 g5 22. Nf3 Nh5 23. Qf2 Nf4 24. Qf1 e6 25. Rb1 exf5 26. Nxf5 Bxf5 27. exf5 Qd7 28. g3 Nh5 29. g4 Nf6 30. Qg2 Qb7 31. Be3 Nd7 32. Re2 Rac8 33. Bf2 Ne5 34. Nxe5 Qxg2+ 35. Kxg2 Bxe5 36. Rbe1 f6 37. Kf3 Rfd8 38. Bg3 Bxg3 39. hxg3 Kg7 40. Ke4 Re8+ 41. Kd5 Re5+ 42. Rxe5 dxe5 43. Re3 Kf7 44. Kd6 Ke8 45. Rf3 Kf7 46. Kd7 Rh8 47. Kc6 h5 48. gxh5 Rxh5 49. Rf2 Rh1 50. Kxc5 Rc1 51. Kb4 Rc2 52. Rf1 Rxb2 53. Kxa4 Rd2 54. Kxb3 Rxd3+ 55. Kb4 Rxg3 56. a4 Ke7 57. a5 Kd6 58. a6 Kc7 59. Ra1 Kb8 60. a7+ Ka8 61. c5 Rh3 62. c6 Rh8 63. Kb5 g4 64. Kb6 g3 65. c7 e4 66. Rd1 1-0